[Event "National Open"]
[Site "Las Vegas USA"]
[Date "2008.06.06"]
[Round "2"]
[White "Nakamura,H"]
[Black "Schuyler,J"]
[Result "1-0"]
[WhiteElo "2686"]
[BlackElo "2320"]

1.c4 e5 2.Nc3 Nc6 3.g3 f5 4.Bg2 Nf6 5.d3 Bb4 6.Bd2 d6 7.e3 Bxc3 8.Bxc3 O-O
9.Ne2 Qe8 10.h3 Be6 11.O-O Qh5 12.f4 e4 13.Bxf6 Rxf6 14.b3 exd3 15.Qxd3 Rd8
16.Nc3 Nb4 17.Qd2 c6 18.e4 Rff8 19.exf5 Qxf5 20.Ne4 Na6 21.g4 Qf7 22.f5 Bc8
23.f6 Qg6 24.fxg7 Qxg7 25.Rxf8+ Kxf8 26.Rf1+ Kg8 27.Nf6+ Kh8 28.Nh5 Qe5 29.Re1 Qc5+
30.Kh1 d5 31.Qg5 Qf8 32.Rf1  1-0

[Event "National Open"]
[Site "Las Vegas USA"]
[Date "2008.06.07"]
[Round "4"]
[White "Nakamura,H"]
[Black "Laylo,D"]
[Result "1/2-1/2"]
[WhiteElo "2686"]
[BlackElo "2496"]

1.c4 Nf6 2.Nc3 d5 3.cxd5 Nxd5 4.g3 Nxc3 5.bxc3 g6 6.Bg2 Bg7 7.Rb1 Nd7 8.Nf3 O-O
9.O-O c5 10.c4 Qc7 11.d3 Rb8 12.Bg5 e5 13.Qa4 h6 14.Be3 b6 15.Nd2 Nf6 16.h3 Bd7
17.Qa3 Nh5 18.Ne4 Bc6 19.Nc3 Bxg2 20.Kxg2 f5 21.Kh2 Qd7 22.Bc1 Rf7 23.Bb2 Nf6
24.Rbd1 h5 25.Bc1 Rbf8 26.Rg1 Nh7 27.f3 Qe6 28.Rg2 g5 29.h4 g4 30.f4 Rd7
31.fxe5 Bxe5 32.Nd5 Rff7 33.Bf4 Bg7 34.Bd2 Be5 35.Qc1 Nf6 36.Nf4 Bxf4 37.Bxf4 Nh7
38.Rf1 Nf8 39.Bh6 Qg6 40.Bxf8 Rxf8 41.Rgf2 Re7 42.Qd2 Rff7 43.e3 Kg7 44.d4 Qe6
45.dxc5 bxc5 46.e4 Qh6 47.Qd5 Rxe4 48.Qxe4 fxe4 49.Rxf7+ Kg8 50.R7f2 Qe3
51.Rb2 Qd3 52.Re1 Kg7 53.Ree2 Kf6 54.Rbd2 Qxc4 55.Rf2+ Ke5 56.Rf8 Qe6 57.Kg1 c4
58.Rh8 Qb6+ 59.Kh2 c3 60.Rxh5+ Kf6 61.Rc2 Qd4 62.Rh6+ Kg7 63.Rc6 Qd2+ 64.Rxd2 cxd2
65.Rd6 e3 66.Kg2 e2 67.Rxd2 e1=Q 68.Rf2  1/2-1/2

[Event "National Open"]
[Site "Las Vegas USA"]
[Date "2008.06.08"]
[Round "6"]
[White "Nakamura,H"]
[Black "Santalla,A"]
[Result "1-0"]
[WhiteElo "2686"]
[BlackElo "2069"]

1.g3 Nf6 2.Bg2 g6 3.e4 e5 4.d3 Bg7 5.Bd2 d6 6.Qc1 h6 7.Nc3 Be6 8.b4 Nc6 9.Nd1 a6
10.f3 Qd7 11.Nf2 d5 12.Ne2 Rd8 13.O-O h5 14.Bg5 O-O 15.a3 Rde8 16.Be3 b6
17.Rd1 d4 18.Bh6 Kh7 19.Bxg7 Kxg7 20.Qb2 g5 21.c3 h4 22.Qd2 Nh7 23.Rac1 f5
24.cxd4 Nxd4 25.Nxd4 exd4 26.gxh4 f4 27.Qc2 Re7 28.Qc6 Qc8 29.Kh1 Rf6 30.e5 Rh6
31.Qe4 Rxh4 32.Qxd4 Qh8 33.Ne4 Nf8 34.Qd8 Rxh2+ 35.Kg1 Rf7 36.Rxc7 Rxg2+
37.Kxg2 Qh3+ 38.Kg1 Rxc7 39.Qxc7+ Nd7 40.Qd8 Qxf3 41.Qe7+ Kh8 42.Qh7+  1-0

[Event "15th Ordix Open"]
[Site "Mainz GER"]
[Date "2008.08.02"]
[Round "2"]
[White "Christ,R"]
[Black "Nakamura,H"]
[Result "0-1"]
[WhiteElo "2244"]
[BlackElo "2697"]

1.Nf3 d6 2.d4 g6 3.c4 Bg7 4.Nc3 Bg4 5.e3 Nc6 6.Be2 e5 7.dxe5 dxe5 8.Qa4 Qc8
9.Bd2 Ne7 10.Rd1 O-O 11.b4 a6 12.a3 h6 13.Qb3 Rd8 14.O-O Be6 15.Bc1 Rd6 16.Qc2 Bf5
17.Qb3 Be6 18.Qc2 f5 19.c5 Rxd1 20.Rxd1 e4 21.Nd2 Qe8 22.Bc4 Qf7 23.Ne2 Rd8
24.Bxe6 Qxe6 25.Nb3 Rxd1+ 26.Qxd1 Ne5 27.Ned4 Qd5 28.Qc2 Nd3 29.Bb2 f4 30.Bc3 fxe3
31.fxe3 Qg5 32.Qe2 Nd5 33.Bd2 Be5 34.Nc2 Nf6 35.Ne1 Qf5 36.Nd4 Bxd4 37.exd4 Nxe1
38.Bxe1 Nd5 39.Bg3 c6 40.Be5 e3 41.h3 Qb1+ 42.Kh2 Qe4 43.Kg1 h5 44.Qf3 Qxf3
45.gxf3 Kf7 46.Kf1 Nc3 47.Bf4 Nb5 48.Bxe3 Nxa3 49.Bd2 Nb5 50.Be3 Ke6 51.Ke2 Kf5
52.Kd3 Nc7 53.Bd2 g5 54.Kc4 Nd5 55.Be1 Nf4  0-1

[Event "15th Ordix Open"]
[Site "Mainz GER"]
[Date "2008.08.03"]
[Round "10"]
[White "Nakamura,H"]
[Black "Polzin,R"]
[Result "1-0"]
[WhiteElo "2697"]
[BlackElo "2520"]

1.e4 c5 2.Nf3 d6 3.d4 cxd4 4.Nxd4 Nf6 5.Nc3 g6 6.Be3 Bg7 7.f3 O-O 8.Qd2 Nc6
9.O-O-O d5 10.Qe1 e6 11.h4 Qc7 12.h5 Nxh5 13.exd5 exd5 14.Ndb5 Qg3 15.Nxd5 Qxe1
16.Rxe1 Ng3 17.Rh4 Nf5 18.Rh2 Nxe3 19.Rxe3 Bd7 20.Bc4 Ne5 21.Be2 Bxb5 22.Bxb5 Rfd8
23.Nc3 h5 24.Kb1 a6 25.Be2 Rac8 26.Rh4 Nc6 27.a3 Nd4 28.Bd3 b5 29.g4 hxg4
30.fxg4 a5 31.Be4 Rc5 32.Bd3 b4 33.Na4 Rc6 34.axb4 axb4 35.Rh1 Ra8 36.b3 Rd6
37.Bc4 Nc6 38.Rhe1 Kf8 39.Bb5 Bf6 40.Rf1 Ra5 41.Bxc6 Rxc6 42.Re4 Bc3 43.Rf3 Kg7
44.Kc1 Rb5 45.Nxc3 bxc3 46.Re7 Rf6 47.Rxc3 Rf4 48.Rg3 Kf6 49.Re1 Kg5 50.Reg1 Re5
51.Kb2 Ree4 52.c4 Rxg4 53.Kc3 f5 54.c5 Rxg3+ 55.Rxg3+ Kf6 56.b4 f4 57.Rd3 g5
58.c6 Re8 59.b5 g4 60.c7 g3 61.Rd8 Re3+ 62.Kb4 Re4+ 63.Ka5 Rc4 64.b6 g2 65.Rg8 f3
66.b7 f2 67.c8=Q f1=Q 68.Qd8+ Ke6 69.Rg6+ Kf5 70.Qg5+ Ke4 71.Qxg2+  1-0

[Event "USCL 2008"]
[Site "ICC INT"]
[Date "2008.09.10"]
[Round "3"]
[White "Nakamura,H"]
[Black "Benjamin,Joe"]
[Result "1-0"]
[WhiteElo "2697"]
[BlackElo "2577"]

1.g3 d5 2.Bg2 Nf6 3.d3 c6 4.Nc3 e5 5.e4 Bg4 6.f3 Be6 7.Nh3 Bc5 8.Qe2 dxe4
9.dxe4 Qd4 10.Nd1 Bc4 11.c3 Qd3 12.Bf1 Qxe2+ 13.Bxe2 Be6 14.Nhf2 Nbd7 15.f4 exf4
16.gxf4 Nb6 17.b4 Bxf2+ 18.Nxf2 Bc4 19.Rg1 O-O-O 20.Rxg7 Rhe8 21.e5 Nfd5
22.Rxf7 Nxc3 23.Bg4+ Kb8 24.Rxh7 Nbd5 25.a3 Nf6 26.Rh3 Nxg4 27.Rxc3 Nxf2
28.Rxc4 Nd3+ 29.Kf1 Rf8 30.e6 Rde8 31.Re4 Rf6 32.Ke2 Rfxe6 33.Rxe6 Nxc1+
34.Rxc1 Rxe6+ 35.Kf3 Rh6 36.Rh1 Kc7 37.h4 Kd7 38.Kg4 Ke6 39.h5 Kf6 40.Rd1 Rh8
41.Rd6+ Ke7 42.Rg6 Kf7 43.Kg5  1-0

[Event "USCL 2008"]
[Site "ICC INT"]
[Date "2008.10.01"]
[Round "6"]
[White "Fedorowicz,J"]
[Black "Nakamura,H"]
[Result "0-1"]
[WhiteElo "2479"]
[BlackElo "2697"]

1.e4 c5 2.Nf3 e6 3.d4 cxd4 4.Nxd4 a6 5.Bd3 Bc5 6.Nb3 Be7 7.Qg4 Bf6 8.Nc3 Nc6
9.Bd2 b5 10.O-O d6 11.f4 Nge7 12.Rae1 b4 13.Nd1 e5 14.Qh5 exf4 15.Bxf4 Be6
16.Bc1 Ng6 17.Ne3 O-O 18.Nd5 Bxd5 19.exd5 Nce5 20.Bf5 Re8 21.Re3 Qb6 22.Kh1 Qb5
23.Rd1 Nf8 24.Bxh7+ Nxh7 25.Rh3 Kf8 26.Qxh7 Qe2 27.Qh8+ Ke7 28.Qh5 Qxh5 29.Rxh5 Nc4
30.Rf1 Rac8 31.Bg5 Bxg5 32.Rxg5 Kf8 33.h3 Ne3 34.Rc1 Rxc2 35.Rxc2 Nxc2 36.Nd2 Re1+
37.Kh2 Ne3 38.a3 Re2 39.Ne4 b3 40.Nxd6 f6 41.Rh5 Rxg2+ 42.Kh1 Rxb2  0-1

[Event "Trophee CCAS GpB"]
[Site "Cap d'Agde FRA"]
[Date "2008.10.28"]
[Round "5"]
[White "Nakamura,Hi"]
[Black "Hou Yifan"]
[Result "1-0"]
[WhiteElo "2704"]
[BlackElo "2578"]

1.d4 Nf6 2.c4 e6 3.Nc3 Bb4 4.e3 O-O 5.Ne2 d5 6.a3 Be7 7.cxd5 exd5 8.g3 a5
9.Bg2 Na6 10.O-O Re8 11.Nf4 c6 12.f3 Be6 13.e4 c5 14.e5 Nd7 15.Ncxd5 Bxd5
16.Nxd5 cxd4 17.f4 Bc5 18.b4 Ba7 19.Kh1 Nc7 20.Nxc7 Qxc7 21.Bb2 Rad8 22.Qf3 Nb6
23.Rac1 Nc4 24.bxa5 b5 25.axb6 Qxb6 26.Rxc4 Qxb2 27.Qd3 g6 28.f5 Re7 29.e6 fxe6
30.fxg6 Qb8 31.gxh7+ Rxh7 32.Qg6+ Kh8 33.Be4 Rdd7 34.Qf6+ Rhg7 35.Qh6+ Kg8
36.Qxe6+ Rgf7 37.Rxf7 Rxf7 38.Rc8+ Qxc8 39.Qxc8+ Kg7 40.Bd3 Re7 41.a4  1-0

[Event "Trophee CCAS GpB"]
[Site "Cap d'Agde FRA"]
[Date "2008.10.28"]
[Round "7"]
[White "Karpov,Ana"]
[Black "Nakamura,Hi"]
[Result "0-1"]
[WhiteElo "2651"]
[BlackElo "2704"]

1.d4 f5 2.Nf3 Nf6 3.g3 g6 4.Bg2 Bg7 5.O-O O-O 6.c4 d6 7.d5 Na6 8.Nc3 Qe8
9.Rb1 Nc5 10.Nd4 Qf7 11.b4 e5 12.dxe6 Nxe6 13.Nxe6 Bxe6 14.Bxb7 Rab8 15.Bg2 Bxc4
16.Be3 Rbe8 17.Qd2 Ne4 18.Nxe4 fxe4 19.a4 a6 20.b5 axb5 21.axb5 Qf5 22.b6 cxb6
23.Rxb6 d5 24.Rb7 Rf7 25.Rfb1 Qf6 26.Rxf7 Qxf7 27.Bf1 Qf6 28.Bg5 Qf5 29.Rb7 Ra8
30.h4 Be5 31.Re7 Rf8 32.Bf4 Bxf4 33.gxf4 Qg4+ 34.Bg2 Qxh4 35.Rc7 Qxf4 36.Qxf4 Rxf4
37.e3 Rf7 38.Rc8+ Kg7 39.Rc5 Re7 40.Rc6 Be2 41.Bh3 Ra7 42.Rd6 Bc4 43.Kg2 h5
44.Kg3 Ra1 45.Kf4 Rh1 46.Be6 Rf1 47.Kg5 Rg1+ 48.Kf4 Rg2 49.Bxd5 Rxf2+ 50.Kxe4 Bxd5+
51.Rxd5 h4 52.Rd7+ Rf7 53.Kd4  0-1

[Event "Trophee CCAS KO"]
[Site "Cap d'Agde FRA"]
[Date "2008.10.31"]
[Round "2.2"]
[White "Nakamura,Hi"]
[Black "Karpov,Ana"]
[Result "1/2-1/2"]
[WhiteElo "2704"]
[BlackElo "2651"]

1.d4 Nf6 2.c4 e6 3.g3 d5 4.Nf3 Be7 5.Bg2 O-O 6.O-O dxc4 7.Qc2 a6 8.Qxc4 b5
9.Qc2 Bb7 10.Bd2 Be4 11.Qc1 Bb7 12.Qc2 Be4 13.Qc1  1/2-1/2

[Event "38th Olympiad"]
[Site "Dresden GER"]
[Date "2008.11.17"]
[Round "5"]
[White "Tsang Hon Ki"]
[Black "Nakamura,Hi"]
[Result "0-1"]
[WhiteElo "2121"]
[BlackElo "2704"]

1.Nf3 d6 2.d4 g6 3.g3 Bg7 4.Bg2 Bd7 5.e4 Qc8 6.c3 Nc6 7.Be3 e5 8.Nbd2 Nh6
9.dxe5 dxe5 10.Nc4 f6 11.Bc5 b6 12.Ba3 Be6 13.Qa4 Qb7 14.Ne3 b5 15.Qc2 a5
16.Bc5 Nb8 17.O-O Na6 18.b4 Nxc5 19.bxc5 O-O 20.c4 b4 21.Nd5 c6 22.Nb6 Ra7
23.a3 bxa3 24.Rxa3 Qe7 25.Na4 Rb8 26.Ne1 Rd7 27.Nd3 Rd4 28.Nab2 f5 29.exf5 Bxf5
30.Bxc6 e4 31.Bd5+ Kh8 32.Nf4 e3 33.Nbd3 Ng4 34.f3 Nf2 35.Be4 Nxe4 36.fxe4 Qxe4
37.Qe2 g5 38.Nh5 Bg4  0-1

[Event "38th Olympiad"]
[Site "Dresden GER"]
[Date "2008.11.22"]
[Round "9"]
[White "Nakamura,Hi"]
[Black "Harikrishna,P"]
[Result "1-0"]
[WhiteElo "2704"]
[BlackElo "2659"]

1.g3 d5 2.Bg2 Nf6 3.d3 g6 4.Bd2 Bg7 5.Qc1 Qd6 6.c4 dxc4 7.Na3 O-O 8.Nxc4 Qe6
9.Nh3 Nc6 10.Nf4 Qd7 11.Bc3 Nd4 12.h4 Re8 13.e3 Ne6 14.Qc2 Rb8 15.O-O-O Nxf4
16.gxf4 b5 17.Na5 Qe6 18.Kb1 b4 19.Bd4 Qa6 20.Qxc7 Bf5 21.Qxa7 Bxd3+ 22.Ka1 Qxa7
23.Bxa7 Rb5 24.Rxd3 Rxa5 25.Bb6 Rb5 26.Bd8 Rc5 27.Kb1 e5 28.Bb6 Rb5 29.Bc7 e4
30.Rd8 Rxd8 31.Bxd8 Rd5 32.Be7 Rd2 33.Bxb4 Rxf2 34.Rc1 h5 35.Rc2 Ng4 36.Rxf2 Nxf2
37.a4 Nd1 38.Bc5 Nxb2 39.a5 Na4 40.a6 Nc3+ 41.Kc2 Nb5 42.Bxe4 Bf8 43.Bxf8 Kxf8
44.Kb3  1-0

[Event "38th Olympiad"]
[Site "Dresden GER"]
[Date "2008.11.23"]
[Round "10"]
[White "Nakamura,Hi"]
[Black "Khenkin,I"]
[Result "1-0"]
[WhiteElo "2704"]
[BlackElo "2647"]

1.g3 d5 2.Bg2 e5 3.d3 Nf6 4.Nf3 Nc6 5.a3 a5 6.O-O h6 7.b3 Bd6 8.Bb2 O-O 9.Nc3 Re8
10.Nb5 Be6 11.c4 a4 12.Rc1 dxc4 13.bxc4 Qd7 14.e3 Bf5 15.d4 exd4 16.exd4 Bg4
17.Re1 Rxe1+ 18.Qxe1 Re8 19.Ne5 Nxe5 20.dxe5 Bc5 21.Kh1 Bh3 22.f3 Bxg2+ 23.Kxg2 c6
24.Nc3 Bd4 25.f4 Ng4 26.Nd1 Ne3+ 27.Nxe3 Bxb2 28.Rd1 Qe7 29.Nf5 Qxa3 30.Qe2 Qb3
31.Rd7 a3 32.Qg4  1-0

[Event "7th Gibtelecom Masters"]
[Site "Caleta ENG"]
[Date "2009.01.30"]
[Round "4"]
[White "Nakamura,Hi"]
[Black "Capo Vidal,U"]
[Result "1-0"]
[WhiteElo "2699"]
[BlackElo "2336"]

1.d4 d5 2.c4 e6 3.Nc3 c6 4.cxd5 exd5 5.g3 Nf6 6.Bg2 Bf5 7.e3 Nbd7 8.Nge2 Bd6
9.f3 Qe7 10.O-O O-O-O 11.Re1 h5 12.e4 dxe4 13.fxe4 Bg4 14.Bg5 h4 15.gxh4 Ne5
16.Qc1 Nd3 17.Qe3 Nxe1 18.Rxe1 Bc7 19.e5 Rde8 20.Qf2 Rhg8 21.h3 Be6 22.exf6 gxf6
23.Bxf6 Qd7 24.Be5 Bxh3 25.Ng3 Rxe5 26.Rxe5 Bxe5 27.dxe5 Qg4 28.Bxh3 Qxh3
29.Ne4 Qxh4 30.Qf5+ Kb8 31.Kg2 Qe7 32.Nd6 Qh4 33.Ne4 Qe7 34.Qf6 Qe6 35.Qxe6 fxe6
36.Nc5 Kc8 37.Kf3 b6 38.Nxe6 Re8 39.Nd4 Rxe5 40.Nxc6 Rc5 41.Nd4 Rc1 42.Ne4 Ra1
43.Nc3 Re1 44.Kf2 Rh1 45.Ke3 Rh2 46.Nde2 Kb7 47.Kd3 Kc6 48.Kc4 Kb7 49.b4 Rh4+
50.Kb3 Rh3 51.Nf4 Rf3 52.Ne6 Rh3 53.b5 a6 54.a4 axb5 55.axb5 Rg3 56.Kc4 Rh3
57.Ng5 Rh2 58.Nge4 Rh6 59.Nd5 Ka7 60.Kd4 Kb7 61.Ke5 Rg6 62.Ndf6 Rg1 63.Ke6 Ka7
64.Nd5 Rb1 65.Nc7 Rh1 66.Kd7 Rh7+ 67.Kc6 Rh6+ 68.Nd6 Rg6 69.Nd5 Rh6 70.Nf4 Kb8
71.Nd3 Ka7 72.Ne5 Rf6 73.Kc7 Ka8 74.Nd7  1-0

[Event "10th Dos Hermanas Internet"]
[Site "ICC INT"]
[Date "2009.03.20"]
[Round "1.1"]
[White "Nakamura,Hi"]
[Black "Nureev,G"]
[Result "1-0"]
[WhiteElo "2699"]
[BlackElo "2340"]

1.b3 d5 2.Bb2 Bf5 3.g3 e6 4.d3 Nf6 5.Bg2 h6 6.Nd2 Bh7 7.e4 dxe4 8.dxe4 Bb4
9.c3 Bc5 10.Qe2 Nc6 11.Ngf3 O-O 12.O-O a5 13.a3 Qe7 14.b4 Bb6 15.Ne1 Rfd8
16.Nc4 axb4 17.axb4 Rxa1 18.Bxa1 Qd7 19.Nxb6 cxb6 20.c4 Qd1 21.Qxd1 Rxd1
22.Nc2 Rxf1+ 23.Kxf1 Bxe4 24.Bxe4 Nxe4 25.Ke2 f6 26.f3 Nd6 27.Kd3 Kf7 28.Bc3 g5
29.b5 Ne5+ 30.Bxe5 fxe5 31.Ne3 h5 32.g4 h4 33.Nf1 e4+ 34.fxe4 Kf6 35.Nd2 Ke5
36.Ke3 Kf6 37.Kd4 Nf7 38.Nf3 Ke7 39.c5 bxc5+ 40.Kxc5 Kd7 41.Kb6 Nd6 42.Nxg5 e5
43.Kc5 Kc7 44.b6+ Kd7 45.h3 Ke7 46.Kd5 Nc8 47.Nf3 Kf6 48.Nxh4 Ne7+ 49.Kd6 Nc6
50.Nf3  1-0

[Event "TCh-AUT 1st Bundesliga 2008-9"]
[Site "Ansfelden AUT"]
[Date "2009.03.21"]
[Round "10"]
[White "Nakamura,Hi"]
[Black "Gustafsson,J"]
[Result "0-1"]
[WhiteElo "2699"]
[BlackElo "2634"]

1.d4 d5 2.c4 c6 3.Nf3 Nf6 4.Nc3 e6 5.Bg5 h6 6.Bh4 dxc4 7.e4 g5 8.Bg3 b5 9.Be2 Bb7
10.e5 Nd5 11.Nd2 Nd7 12.O-O Qb6 13.a4 a5 14.Nde4 b4 15.Na2 O-O-O 16.Bxc4 Nf4
17.Nd6+ Bxd6 18.exd6 c5 19.Bxf4 gxf4 20.Qh5 Qxd6 21.Rfd1 Rhg8 22.f3 Rg5  0-1

[Event "Foxwoods Open"]
[Site "Ledyard USA"]
[Date "2009.04.09"]
[Round "3"]
[White "Nakamura,Hi"]
[Black "Ivanov,AV USA"]
[Result "1/2-1/2"]
[WhiteElo "2701"]
[BlackElo "2516"]

1.e4 e5 2.f4 exf4 3.Nf3 d5 4.exd5 Nf6 5.Bb5+ Nbd7 6.c4 Qe7+ 7.Qe2 Qxe2+ 8.Kxe2 a6
9.Bxd7+ Bxd7 10.d4 Nh5 11.Kf2 O-O-O 12.Nc3 h6 13.Ne5 Be8 14.g4 fxg3+ 15.hxg3 f6
16.Nf3 g5 17.Bd2 Bg6 18.g4 Ng7 19.Rae1 Re8 20.Rxe8+ Nxe8 21.c5  1/2-1/2

[Event "Foxwoods Open"]
[Site "Ledyard USA"]
[Date "2009.04.10"]
[Round "4"]
[White "Stopa,Ja"]
[Black "Nakamura,Hi"]
[Result "0-1"]
[WhiteElo "2471"]
[BlackElo "2701"]

1.e4 d6 2.d4 g6 3.Nf3 Nf6 4.Bd3 Bg7 5.c3 O-O 6.O-O Nc6 7.Nbd2 e5 8.Re1 exd4
9.cxd4 Nh5 10.Nb3 a5 11.Bg5 Qe8 12.Bb5 a4 13.Nbd2 Bd7 14.Bxa4 Nxd4 15.Bxd7 Qxd7
16.Nxd4 Bxd4 17.Nc4 Bg7 18.Qc2 Qa4 19.Qxa4 Rxa4 20.b3 Ra6 21.Rac1 Rxa2 22.Ne3 c6
23.Be7 Re8 24.Bxd6 Rxe4 25.Nc4 f5 26.Rxe4 fxe4 27.Rd1 Bd4 28.Ne3 Bxe3 29.fxe3 Nf6
30.Rf1 Nd5 31.Rf8+ Kg7 32.Re8 Re2 33.Bc5 b6 34.Bd4+ Kf7 35.Rxe4 c5 36.Re5 Nb4
37.Bc3 Na2  0-1

[Event "Foxwoods Open"]
[Site "Ledyard USA"]
[Date "2009.04.11"]
[Round "6"]
[White "Ippolito,D"]
[Black "Nakamura,Hi"]
[Result "0-1"]
[WhiteElo "2443"]
[BlackElo "2701"]

1.d4 d6 2.c4 g6 3.Nf3 Bg7 4.Nc3 Bg4 5.g3 Qc8 6.Bg2 Bh3 7.O-O Nc6 8.d5 Ne5
9.Nxe5 Bxe5 10.Nb5 Bxg2 11.Kxg2 h5 12.h4 c6 13.Nd4 cxd5 14.cxd5 Nf6 15.Nf3 Qc4
16.Nxe5 dxe5 17.Bg5 Qxd5+ 18.Qxd5 Nxd5 19.Rac1 f6 20.Bd2 e4 21.Rc5 Rd8 22.f3 exf3+
23.Rxf3 Kf7 24.Ra3 b6 25.Rc4 Rc8 26.Rd4 Nc7 27.Rdd3 Rhd8 28.Rxd8 Rxd8 29.Bf4 Nb5
30.Ra6 Rd7 31.Bb8 Rb7 32.a4 Rxb8 33.axb5 Rb7 34.Kf3 Rc7 35.Ra4 Rc5 36.Rb4 e5
37.e4 Ke6 38.Ke3 Rc2 39.Kf3 g5 40.hxg5 fxg5 41.Ke3 Kf6 42.Rb3 g4 43.Kd3 Rg2
44.Kc4 Rd2 45.Ra3 Rd7 46.b4 Kg5 47.Ra1 h4 48.gxh4+ Kxh4 49.Rh1+ Kg5 50.Rf1 g3
51.Rf8 Rd4+ 52.Kb3 Rxe4 53.Rf7 Rg4  0-1

[Event "TOP 16 GpA"]
[Site "Mulhouse FRA"]
[Date "2009.05.03"]
[Round "7"]
[White "Delchev,A"]
[Black "Nakamura,Hi"]
[Result "0-1"]
[WhiteElo "2648"]
[BlackElo "2701"]

1.e4 d6 2.d4 g6 3.Be3 Bg7 4.Nc3 a6 5.f4 b5 6.Bd3 Bb7 7.Nf3 Nd7 8.e5 c5 9.Be4 Qc8
10.Bxb7 Qxb7 11.dxc5 dxe5 12.Qd5 Qxd5 13.Nxd5 Rc8 14.Nb6 Nxb6 15.cxb6 Nf6
16.O-O-O Ng4 17.b7 Rb8 18.Bb6 f6 19.Rd8+ Kf7 20.Rd7 Bh6 21.g3 exf4 22.Kb1 Ne5
23.Nxe5+ fxe5 24.Ba7 Ke6 25.Rhd1 f3 26.Rc7 e4 27.Rdd7 Rhe8 28.a3 Bg5 29.h4 e3
30.Bxb8 f2 31.Ba7 f1=Q+ 32.Ka2 e2  0-1

[Event "World Open"]
[Site "Philadelphia USA"]
[Date "2009.07.04"]
[Round "7"]
[White "Najer,E"]
[Black "Nakamura,Hi"]
[Result "0-1"]
[WhiteElo "2669"]
[BlackElo "2701"]

1.e4 e6 2.d4 d5 3.Nd2 dxe4 4.Nxe4 Bd7 5.Nf3 Bc6 6.Bd3 Nd7 7.O-O Bxe4 8.Bxe4 c6
9.c4 Ngf6 10.Bc2 Qc7 11.Qe2 O-O-O 12.Rb1 h6 13.b4 g5 14.Rb3 g4 15.Nd2 h5
16.c5 Nd5 17.Ne4 Nb8 18.Bg5 Be7 19.Bxe7 Nxe7 20.Nd6+ Rxd6 21.cxd6 Qxd6 22.Rd1 a6
23.a4 b5 24.h4 Nd5 25.axb5 axb5 26.Be4 Nf4 27.Qc2 f5 28.Bd3 Kb7 29.Bf1 Na6
30.Qd2 Nd5 31.Re1 f4 32.Re5 Naxb4 33.Qe1 Rh6 34.Rg5 Kb6 35.Qb1 g3 36.fxg3 fxg3
37.Re5 Rf6 38.Rxg3 Rf4 39.Qd1 Nf6 40.Qe1 Ng4 41.Rxg4 Qxd4+ 42.Kh2 hxg4 43.Rxe6 g3+
44.Kxg3 Rxh4 45.Qe5 Qg4+ 46.Kf2 Qf4+ 47.Qxf4 Rxf4+ 48.Ke2 Nc2 49.Rg6 b4 50.g3 Rxf1
51.Kxf1 b3 52.Rg8 Kc5 53.Rb8 Nb4 54.Rd8 b2 55.Rd1 Kc4  0-1

[Event "City of Culture GM"]
[Site "Donostia ESP"]
[Date "2009.07.08"]
[Round "2"]
[White "Nakamura,Hi"]
[Black "Vachier Lagrave,M"]
[Result "1-0"]
[WhiteElo "2710"]
[BlackElo "2703"]

1.e4 c5 2.Nf3 d6 3.d4 cxd4 4.Nxd4 Nf6 5.Nc3 a6 6.Be3 Ng4 7.Bc1 Nf6 8.f3 e6
9.Be3 b5 10.Qd2 Nbd7 11.g4 h6 12.O-O-O Bb7 13.h4 b4 14.Na4 Qa5 15.b3 Nc5
16.a3 Rc8 17.Qxb4 Qc7 18.Nxc5 dxc5 19.Qa4+ Nd7 20.Ne2 Bc6 21.Qc4 Ne5 22.Qc3 Nxf3
23.Bf4 e5 24.Qxf3 exf4 25.Qxf4 c4 26.b4 a5 27.Qxc7 Rxc7 28.c3 Bxe4 29.Rh3 Be7
30.Nd4 axb4 31.axb4 O-O 32.Nb5 Rb7 33.Nd6 Bxd6 34.Rxd6 Rc7 35.Rd4 Bb7 36.Rxc4 Re7
37.Rd4 Re1+ 38.Rd1 Rfe8 39.Bd3 Bc8 40.Rg3 g5 41.hxg5 hxg5 42.Rxe1 Rxe1+ 43.Kd2 Re5
44.Re3  1-0

[Event "City of Culture GM"]
[Site "Donostia ESP"]
[Date "2009.07.12"]
[Round "5"]
[White "San Segundo Carrillo,P"]
[Black "Nakamura,Hi"]
[Result "0-1"]
[WhiteElo "2570"]
[BlackElo "2710"]

1.d4 d5 2.c4 e6 3.Nf3 Nf6 4.Nc3 c6 5.Bg5 Nbd7 6.e3 Qa5 7.cxd5 Nxd5 8.Qd2 Bb4
9.Rc1 e5 10.a3 Bxc3 11.bxc3 h6 12.Bh4 Qxa3 13.Bd3 exd4 14.cxd4 Qb4 15.Bg3 O-O
16.O-O a5 17.Ra1 a4 18.Qc2 Qa5 19.Bd6 Rd8 20.Rfb1 N7f6 21.Ba3 Qc3 22.Qxc3 Nxc3
23.Rc1 Nb5 24.Bxb5 cxb5 25.Rab1 Bd7 26.Ne5 Be8 27.f3 Nd5 28.Kf2 f6 29.Nd3 Nb6
30.Rc7 Nd5 31.Rc2 Rac8 32.Rbc1 Rc4 33.Ke2 Nb6 34.Nb2 Rxc2+ 35.Rxc2 Bg6 36.e4 f5
37.Rc5 fxe4 38.Rxb5 Nd5 39.Rxb7 Rc8 40.Bc5 Nf4+ 41.Ke3 Nd5+ 42.Ke2 Ra8 43.Nc4 Nf4+
44.Kd2 Nxg2 45.fxe4 Bxe4 46.Re7 Bc6 47.Bd6 Nh4 48.Kc3 Nf5 49.Re1 Nxd6 50.Nxd6 a3
51.Nc4 a2 52.Ra1 Bd5 53.Nb6 Ra3+ 54.Kd2 Bf7  0-1

[Event "City of Culture GM Playoff"]
[Site "Donostia ESP"]
[Date "2009.07.16"]
[Round "2"]
[White "Ponomariov,R"]
[Black "Nakamura,Hi"]
[Result "0-1"]
[WhiteElo "2727"]
[BlackElo "2710"]

1.d4 d5 2.c4 c6 3.Nf3 Nf6 4.Nc3 dxc4 5.a4 Bf5 6.e3 e6 7.Bxc4 Nbd7 8.O-O Bb4
9.Qe2 Bg6 10.e4 O-O 11.Bd3 Bh5 12.Bf4 c5 13.e5 Bxc3 14.bxc3 Nd5 15.Bd2 cxd4
16.cxd4 Nb8 17.h3 Nc6 18.g4 Bg6 19.Bb5 Rc8 20.Rfc1 Nde7 21.Kg2 Nxd4 22.Nxd4 Qxd4
23.Qe3 Qxe3 24.Bxe3 a6 25.Bf1 Bc2 26.Kg3 Nd5 27.Bd2 Rc7 28.a5 Rd8 29.Ra2 Rdc8
30.Rb2 h6 31.f4 Nc3 32.Kh2 Ne4 33.Be3 Ba4 34.Rxc7 Rxc7 35.Bg2 Rc2 36.Rxb7 Re2
37.Bb6 Bc6 38.Rc7 Bd5 39.Kg1 Re1+ 40.Kh2 Re2 41.Rc8+ Kh7 42.Rc1 Nd2 43.Rg1 Nf3+
44.Kg3 Nxg1  0-1

[Event "City of Culture GM"]
[Site "Donostia ESP"]
[Date "2009.07.16"]
[Round "9"]
[White "Kasimdzhanov,R"]
[Black "Nakamura,Hi"]
[Result "1/2-1/2"]
[WhiteElo "2672"]
[BlackElo "2710"]

1.d4 Nf6 2.c4 e6 3.Nf3 b6 4.g3 Bb7 5.Bg2 Be7 6.Nc3 Ne4 7.Bd2 O-O 8.d5 Nd6
9.b3 f5 10.Rc1 Bf6 11.Bf4 Qe7 12.Be5 Na6 13.O-O Nf7 14.Bxf6 Qxf6 15.e4 f4
16.Qd2 g5 17.e5 Nxe5 18.Nxe5 Qxe5 19.Rfe1 Qf5 20.Be4 Qh3 21.Bg2 Qf5 22.Be4 Qh3  1/2-1/2

[Event "16th ORDIX Open"]
[Site "Mainz GER"]
[Date "2009.08.01"]
[Round "1"]
[White "Schoenhof,T"]
[Black "Nakamura,Hi"]
[Result "0-1"]
[WhiteElo "2085"]
[BlackElo "2710"]

1.e4 d5 2.exd5 Qxd5 3.Nc3 Qd6 4.d4 c6 5.g3 Nf6 6.Bg2 Be6 7.Nge2 Na6 8.O-O Rd8
9.Ne4 Nxe4 10.Bxe4 g6 11.Bf4 Qd7 12.Qd2 Bg7 13.c3 O-O 14.Bh6 Bxh6 15.Qxh6 Bc4
16.Nf4 f5 17.Bd3 Bxd3 18.Nxd3 c5 19.Ne5 Qd6 20.Nf3 e6 21.Rad1 cxd4 22.Rxd4 Qe7
23.Rfd1 Nc7 24.h4 Rxd4 25.Rxd4 e5 26.Qe3 e4 27.Ng5 Ne8 28.Qd2 Nf6 29.Rd6 h6
30.Ne6 e3 31.Qd4 e2 32.Nxf8 e1=Q+ 33.Kg2 Q7e2 34.Rxf6 Q2f1+ 35.Kh2 Qh1+  0-1

[Event "16th ORDIX Open"]
[Site "Mainz GER"]
[Date "2009.08.01"]
[Round "2"]
[White "Nakamura,Hi"]
[Black "Hoeffer,D"]
[Result "1-0"]
[WhiteElo "2710"]
[BlackElo "2256"]

1.c4 e5 2.Nc3 Nc6 3.Nf3 g6 4.g3 Bg7 5.Bg2 Nge7 6.d3 O-O 7.O-O d6 8.Rb1 a5
9.a3 h6 10.b4 axb4 11.axb4 Kh7 12.b5 Nd4 13.Nd2 f5 14.e3 Ne6 15.Bb2 c6 16.Nb3 d5
17.cxd5 cxd5 18.d4 e4 19.Ra1 Rxa1 20.Qxa1 g5 21.Ba3 Rf7 22.f3 exf3 23.Bxf3 b6
24.Qb1 Kh8 25.Bg2 Bb7 26.Bh3 Nf8 27.Bxf5 Nxf5 28.Rxf5 Qd7 29.Rf1 Qe6 30.Rxf7 Qxf7
31.Bxf8 Qxf8 32.Nd2 Qe8 33.Qd3 Qe6 34.Nf3 Qg4 35.Ne5 Qe6 36.Qg6 Qc8 37.Nf7+ Kg8
38.Nxh6+ Kh8 39.Nf7+ Kg8 40.Nxg5  1-0

[Event "16th ORDIX Open"]
[Site "Mainz GER"]
[Date "2009.08.01"]
[Round "5"]
[White "Shomoev,A"]
[Black "Nakamura,Hi"]
[Result "1/2-1/2"]
[WhiteElo "2580"]
[BlackElo "2710"]

1.e4 d5 2.exd5 Qxd5 3.Nc3 Qd6 4.d4 Nf6 5.Nf3 c6 6.Be3 Bg4 7.h3 Bxf3 8.Qxf3 e6
9.O-O-O Qd8 10.Kb1 Nbd7 11.g4 Be7 12.h4 b5 13.g5 Nd5 14.Ne4 N7b6 15.Bc1 Nc4
16.h5 Qa5 17.Qb3 Ncb6 18.Rh3 O-O-O 19.f4 g6 20.Nf2 Bd6 21.Rf3 Qa4 22.Qxa4 Nxa4
23.c3 gxh5 24.Bh3 Kb8 25.Kc2 c5 26.Ne4 cxd4 27.Rxd4 Rhe8 28.f5 Be5 29.Rd1 Re7
30.fxe6 fxe6 31.g6 Rde8 32.gxh7 Rxh7 33.Ng5 Rhe7 34.Bxe6 Nc7 35.Bf7 Rh8 36.Bb3 Nc5
37.Nf7 Rhe8 38.Bg5 Rd7 39.Nxe5 Rxe5 40.Rxd7 Nxd7 41.Bf4 Re2+ 42.Kd1 Rxb2
43.Rg3 Rf2 44.Bd6 Rf6 45.Be7 Rc6 46.Bf7 a5 47.Bg5 Nc5 48.Re3 Na4 49.Kd2 Nb6
50.Rh3 Ncd5 51.Bxh5 Nc4+ 52.Kc2 Ne5 53.Bd2 Rf6 54.Be2 Rf2 55.Kd1 Kc7 56.Rh5 Kd6
57.Rh6+ Kc5 58.Rh8 b4 59.Rc8+ Nc6 60.cxb4+ axb4 61.Ke1 Rf6 62.Bd3 Kd4 63.Bc2 Ne5
64.Bb3 Nd3+ 65.Kd1 Ne3+ 66.Bxe3+ Kxe3 67.Re8+ Kd4 68.Rd8+ Kc3 69.Rc8+ Kb2
70.Kd2 Rd6 71.Ke3 Nc1 72.Bg8 Rd3+ 73.Ke4 Rg3 74.Rb8 Kc3 75.Rc8+ Kb2 76.Rb8 Rg4+
77.Ke3 Nxa2 78.Be6 Rh4 79.Kd2 Nc3 80.Bg8 Ne4+ 81.Ke3 Nc5 82.Rb5 Nd7 83.Be6 Nf6
84.Kd3 Nh5 85.Bc4 Nf4+ 86.Kd2 Rh2+ 87.Ke3 Kc3 88.Bf7 Nd3 89.Rb8 Rh3+ 90.Ke4 Rh4+
91.Ke3 Rh3+ 92.Ke4 Nc5+ 93.Kf4 Rh1 94.Bg8 Rg1 95.Ke3 Nd7 96.Rc8+ Kb2 97.Kf2 Rg6
98.Ke2 Rh6 99.Kd2 Rh2+ 100.Kd3 Rh3+ 101.Kd2 Rc3 102.Rd8 Nf6 103.Rb8 Ne4+
104.Ke2 Ng3+ 105.Kd2 Rc2+ 106.Kd3 Rc3+ 107.Kd2 Nf1+ 108.Ke2 Ng3+ 109.Kd2 Nf1+
110.Ke2  1/2-1/2

[Event "16th ORDIX Open"]
[Site "Mainz GER"]
[Date "2009.08.02"]
[Round "8"]
[White "Nakamura,Hi"]
[Black "Sasikiran,K"]
[Result "1-0"]
[WhiteElo "2710"]
[BlackElo "2669"]

1.c4 g6 2.d4 Nf6 3.Nc3 d5 4.Nf3 Bg7 5.Bg5 Ne4 6.cxd5 Nxg5 7.Nxg5 e6 8.Qd2 exd5
9.Qe3+ Kf8 10.Qf4 Bf6 11.h4 h6 12.Nxd5 Bxg5 13.Qe5 Rh7 14.hxg5 Nc6 15.Qe4 Bf5
16.Qf3 Nxd4 17.Qa3+ Kg7 18.Ne3 Qxg5 19.Qc5 Rd8 20.Rd1 Be6 21.Qxc7 Rhh8 22.Qc3 Qf6
23.g3 Rd6 24.Qc5 Rhd8 25.Bg2 b6 26.Qc1 h5 27.b3 Rc8 28.Nc4 Bxc4 29.bxc4 Re6
30.e3 Nf3+ 31.Bxf3 Qxf3 32.Rh4 Rf6 33.Qc2 Re8 34.Qe2 Rxe3 35.Qxe3 Re6 36.Qxe6 fxe6
37.Rd7+ Kh6 38.Kf1 e5 39.c5 bxc5 40.Kg1 Qe2 41.Kg2 Qxa2 42.Re4 Qe6  1-0